| 000 | 01412cam a22003617a 4500 | ||
|---|---|---|---|
| 003 | CHAP | ||
| 005 | 20220329143033.0 | ||
| 008 | 050930d1998 cr abd r 00110 spa d | ||
| 010 | _a91032 | ||
| 011 | _a92004 | ||
| 020 | _a9968801003 | ||
| 035 | _a102567 | ||
| 040 | _cCHAP | ||
| 082 | 0 | 4 |
_a330 _bP6Y |
| 100 | 0 | 0 |
_aPolèse, Mario. _990729 |
| 245 | 1 | 0 |
_aEconomía urbana y regional: _bintroducción a la relación entre territorio y desarrollo _c/por Mario Polèse |
| 260 |
_aCartago, CR : _bLibro Universitario Regional, _c1998 |
||
| 300 |
_a438 p. : _bilus. ; gráfs. ; mapa ; cuadros ; diagrama |
||
| 500 | _aTraducción de: Économie urbaine et régionale: logique spatiale des mutations économiques, 1994. | ||
| 590 |
_aBATCH-UPD _b10 _c20130110 _lUCH01 _h0825 |
||
| 590 |
_aBATCH-UPD _b10 _c20130410 _lUCH01 _h0502 |
||
| 590 |
_aBATCH-UPD _b10 _c20130914 _lUCH01 _h0945 |
||
| 590 |
_aCONVERSION _b10 _c20130109 _lUCH01 _h1350 |
||
| 650 | 1 | 4 |
_aCiudades y pueblos. _923507 |
| 650 | 1 | 4 |
_aEconomía. _935226 |
| 650 | 1 | 4 |
_aPlaneación regional. _988700 |
| 901 | _aBK | ||
| 905 | _aMarco A. Mendoza T. | ||
| 942 | _cLIBRO | ||
| 949 |
_a330 P6Y _bBC _cLIBRO _d33724000964888 _eLIBRO _gI.c/e _h107323 _i102567 _si _t$225.00 |
||
| 949 |
_a330 P6Y _bBC _cLIBRO _d33724000964896 _eLIBRO _fc.3 _gI.c/e _h107325 _i102567 _si _t$225.00 |
||
| 949 |
_a330 P6Y _bBC _cLIBRO _d33724000964904 _eLIBRO _fc.2 _gI.c/e _h107324 _i102567 _si _t$225.00 |
||
| 999 |
_c91032 _d91032 |
||